Elsevier's dictionary of engineering in English, German, French, Italian, Spanish and Portuguese/ Brazilian

Kaydedildi:
Detaylı Bibliyografya
Yazar: Bignami, M.
Materyal Türü: Kitap
Dil:Undetermined
Baskı/Yayın Bilgisi: Boston Elsevier 2004
Konular:
Etiketler: Etiketle
Etiket eklenmemiş, İlk siz ekleyin!
Thư viện lưu trữ: Trung tâm Học liệu Trường Đại học Cần Thơ
LEADER 00555nam a2200193Ia 4500
001 CTU_94735
008 210402s9999 xx 000 0 und d
020 |c 289.10 
082 |a 620.003 
082 |b B594/P.2 
100 |a Bignami, M. 
245 0 |a Elsevier's dictionary of engineering in English, German, French, Italian, Spanish and Portuguese/ Brazilian 
245 0 |c M. Bignami 
260 |a Boston 
260 |b Elsevier 
260 |c 2004 
650 |a Engineering 
904 |i M.Loan 
980 |a Trung tâm Học liệu Trường Đại học Cần Thơ